000 00646nam a2200217Ii 4500
003 JO-AjNU
008 230606s9999||||xx |||||||||||||| ||und||
020 _a978-224-3602-0
040 _aJO-AjNU
_beng
_erda
_cJO-AjNU
041 _aeng
050 1 4 _aQA371.J34.2014
100 3 _a jain.m.k,
_eauthor
_94713
245 0 0 _aNumerical Solution of Differential Equations
250 _a3 ed
264 3 1 _aNew delhi:new age international,2014
300 _a716p
336 _atext
_btxt
_2rdacontent
337 _aunmediated
_bn
_2rdamedia
338 _avolume
_bnc
_2rdacarrier
650 4 _aDifferential equations -- Numerical solutions. 
_94714
999 _aE2442
_c2440
_d2440